000 00419cam a2200181ua 4500
020 _c10.00
041 _aeng
_h
082 _a539.7
_bSAL/NU
100 _aSalmon, Alan .
245 _aNuclear reactor /
_cAlan Salmon.
_hTextual Documents
250 _a1 /
_b.
260 _aLondon :
_bMethuen & co Ltd ,
_c1964.
300 _a144 ; .
365 _a10.00
504 _a
942 _cBK
999 _c302
_d302